Los Portales modernistas / Manuel García-Martín
ISBN:
84-300-1598-1
Descripción Física:
133 p. : principalment il. col. ; 36 cm
Otros Autores:
Catalana de Gas Electricitat
MARC
| LEADER | 00000nam a2200000Ia 4500 | ||
|---|---|---|---|
| 001 | 20640 | ||
| 008 | 160829s1979 xx 000 0 cat d | ||
| 020 | |a 84-300-1598-1 | ||
| 080 | |a FOL-3-49 | ||
| 100 | |a García-Martín, Manuel |9 28494 | ||
| 245 | |a Los Portales modernistas / Manuel García-Martín | ||
| 260 | |a Barcelona : |b Catalana de Gas i Electricitat S.A., |c 1979 | ||
| 300 | |a 133 p. : |b principalment il. col. ; |c 36 cm | ||
| 590 | |a Donació del fotògraf Eduardo Díaz Vigo, novembre 2008 | ||
| 650 | 0 | |a Modernisme (Art) |x Barcelona (Catalunya) |9 38544 | |
| 650 | |a Portals |x Barcelona |9 38545 | ||
| 700 | |a Catalana de Gas Electricitat |9 38550 | ||
| 901 | |a Arxiu | ||
| 942 | |n 1 | ||
| 952 | |0 0 |1 0 |4 0 |6 FOL349 |7 1 |9 48465 |a Arxiu |b Arxiu |d 2016-12-01 |l 0 |o FOL-3-49 |p 20640 |r 2016-12-01 00:00:00 |w 2016-12-01 |y ARXIU | ||
| 999 | |c 52294 |d 52294 | ||